| 000 | 00505nam a22001577a 4500 | ||
|---|---|---|---|
| 003 | NUST | ||
| 038 | _aNusrat Nadeem | ||
| 082 | _a200 | ||
| 100 |
_aMaasooma _9132694 |
||
| 245 |
_aFortifying the Future: Holistic Security Solutions for Emerging Network Technologies/ _cMaasooma |
||
| 264 |
_aIslamabad: _bSEECS NUST. _c2025. |
||
| 650 |
_aMS-Computer Science _926780 |
||
| 700 |
_aSupervisor: Dr. Qaiser Riaz _996872 |
||
| 856 | _u http://10.250.8.41:8080/xmlui/handle/123456789/57059 | ||
| 942 |
_2ddc _cSC |
||
| 999 |
_c615764 _d615764 |
||